000 03901cam a22012974i 4500
003 PE-LiUPU
005 20250813185432.0
008 190812s2014 sp rb 000 0 spa d
020 _a8471127830
020 _a9788471127839
035 _a(Sirsi) a252445
040 _aPE-LiUPU
_bspa
_cPE-LiUPU
_erda
041 1 _aspa
_heng
049 _aPRUA
082 0 4 _a302.33
_bL33
_220
100 1 _aLe Bon, Gustave,
_eautor.
245 1 0 _aPsicología de las masas /
_cGustave Le Bon ; prólogo a la edición española por Florencio Jiménez Burillo ; traducido por Alfredo Guerra Miralles.
250 _aSexta edición.
264 1 _aMadrid :
_bMorata,
_c2014.
300 _a129 páginas ;
_c24 centímetros.
336 _atext
_2rdacontent
337 _aunmediated
_2rdamedia
338 _avolume
_2rdacarrier
490 0 _aRaices de la memoria
504 _aBibliografía: páginas [131].
505 0 _aEl alma de las masas -- Características generales de las masas. Ley psicológica de su unidad mental -- Sentimientos y moralidad de las masas -- Ideas, razonamiento e imaginación de las masas -- Formas religiosas que revisten todas las convicciones de las masas -- Opiniones y creencias de las masas -- Factores lejanos de las creencias y opiniones de las masas -- Factores inmediatos de las opiniones de las masas -- Los conductores de masas y sus medios de persuasión -- Límites de la variabilidad de las creencias y las opiniones de las masas -- Clasificación y descripción de las diversas categorías de masas -- Clasificación de las masas -- Las masas calificadas de criminales -- Los jurados de las audiencias provinciales -- Las masas electorales -- Las asambleas parlamentarias.
526 _aP202
526 _aP201
526 _aP163
526 _aP162
526 _aP161
526 _aP160
526 _aP148
526 _aP147
526 _aP146
526 _aP145
526 _aP144
526 _aP143
526 _aP142
526 _aP141
526 _aP140
526 _aP139
526 _aP138
526 _aP137
526 _aP136
526 _aP135
526 _aP134
526 _aP133
526 _aP129
526 _aP128
526 _aP127
526 _aP120
526 _aP119
526 _aP118
526 _aP116
526 _aP115
526 _aP114
526 _aP110
526 _aP109
526 _aP108
526 _aP104
526 _aP103
526 _aP102
526 _aP99
526 _aP98
526 _aP97
526 _aP96
526 _aP95
526 _aP93
526 _aP90
526 _aP89
526 _aP88
526 _aP83
526 _aP82
526 _aP62
526 _aP59
526 _aP58
526 _aP57
526 _aP51
526 _aP49
526 _aP48
526 _aP47
526 _aP29
526 _aP24
526 _aP20
526 _aP19
526 _aP17
526 _aP15
526 _aP14
526 _aP12
526 _aP10
526 _aP09
526 _aP08
526 _aP07
526 _aP06
526 _aP05
526 _aP04
526 _aP01
534 _pTítulo original :
_tPsychologie des foules.
541 _g002-00001572;
650 0 4 _aComportamiento colectivo.
650 0 4 _aPsicología social.
_91880
700 1 _aJiménez Burillo, Florencio,
_eprólogo.
700 1 _aGuerra Miralles, Alfredo,
_etraductor.
910 _abgr
_bncf
_cncf
_d20190812
942 _2ddc
_cBOOK
994 _aC0
_bPEPRU
598 _aCATALOGING
596 _a1
999 _a302.33 L33
_wDEWEY
_c31672
_i80141
_d31672
_e2019-9-10
_f2021-11-3
_g3
_lCCODEBUL1
_mBUL
_n1
_p18.56
_q1
_r0
_sY
_tBOOK
_u2019-8-12
_xSALUD
_zP33
_0COMPRA
_1FCOMPR3
_o.STAFF. Colección Ciencias de la Salud
980 _81
_gALBERTO SANCHEZ Responsable de Automatización